| 000 | 01138nmc a2200349 a 4500 | ||
|---|---|---|---|
| 003 | AR-BaBNM | ||
| 005 | 20251128205531.0 | ||
| 008 | 017119s1995 ||||||||||||||000 | spa|| | ||
| 020 | _a84-8198-065-X | ||
| 040 | _cAR-BaBNM | ||
| 100 | 1 | _aCascón Soriano, Paco | |
| 245 | 1 | 0 |
_aLa alternativa del juego _bjuegos y dinámicas de educación para la paz _n1 |
| 260 |
_aMadrid _bAsociación pro Derechos Humanos. Seminario de Educación para la Paz. {Madrid} _bLos Libros de la Catarata _c1995 |
||
| 300 | 0 |
_a246 p. _bdiagr., il. |
|
| 490 | 0 |
_aEdupaz _vv. 3 |
|
| 500 | 0 | _aIndice temático: p. 251-252 | |
| 500 | 0 | _aIndice por edades: p. 253 | |
| 504 | _aBibliografía: p. 247-250 | ||
| 650 | 4 | _aEDUCACION PARA LA PAZ | |
| 650 | 4 | _aCOOPERACION | |
| 650 | 4 | _aCOMPORTAMIENTO SOCIAL | |
| 650 | 4 | _aINTERACCION SOCIAL | |
| 650 | 4 | _aSOLUCION DE CONFLICTOS | |
| 650 | 4 | _aACTIVIDADES DE APRENDIZAJE | |
| 650 | 4 | _aJUEGOS EDUCATIVOS | |
| 653 | 0 | _aTEMAS TRANSVERSALES | |
| 653 | 0 | _aEDUCACION PARA LA CONVIVENCIA | |
| 653 | 0 | _aEDUCACION PARA LA TOLERANCIA | |
| 700 | 1 | _aBeristain, Carlos Martín | |
| 942 | _cBK | ||
| 998 | _cSILVI | ||
| 999 |
_c11781 _d11781 |
||